Sintáctica y semántica en la gramática generativa

Gardado en:
Detalles Bibliográficos
Autor Principal: Chomsky, Noam (Author)
Formato: Libro
Idioma:Lingua castelá
Publicado: Ciudad de México Siglo Veintiuno 1979
Series:Lingüística
Subjects:
Tags: Engadir etiqueta
Sen Etiquetas, Sexa o primeiro en etiquetar este rexistro!

MARC

LEADER 00000nam a2200000 a 4500
001 UCN5979
003 CL-VaPUC
008 010913e19790000MX |||||||||||||||||spa|d
082 0 4 |a 415  |b CHO  |2 21 
100 0 |a Chomsky, Noam  |e author  |9 320717 
245 1 0 |a Sintáctica y semántica en la gramática generativa 
300 |a 255 p 
942 |c BK 
945 |d 20010913 00:00:00  |a vberengu 
260 |a Ciudad de México  |b Siglo Veintiuno  |c 1979 
650 0 |a Gramática generativa  |9 313182 
650 0 |a Lingüística  |9 265068 
583 |a last modification  |c 20010913 00:00:00  |k Rodrigo Vera 
490 0 |a Lingüística 
999 |c 297077  |d 297075 
952 |0 0  |1 0  |4 0  |6 415_000000000000000_CHO_1979  |7 0  |8 A  |9 351486  |a FDOPOS  |b FDOPOS  |d 2019-11-21  |i 3750841  |o 415 CHO 1979  |p 3750841  |r 2025-01-22  |w 2019-11-21  |y BK  |k MLA